LEADER 01001nam a2200253 u 4500 001 000000019187 003 CaOOAMICUS 005 20070226110747.0 008 950110s1980 fr u000 u fre u 035 $a10460400 040 $aAAR$bita 100 1 $aBuffière, Félix.$0(OLS)http://pul/name/1692 245 10$aEros adolescent :$bla pédérastie dans la Grèce antique /$cFélix Buffière. 260 $aParis :$bBelles Lettres,$c1980. 300 $a703 p. ;$c25 cm 500 $aComprende indici. 504 $aBibliografia: p. 673-679. 650 0$aHomosexuality, Male$zGreece.$2//eng$0(OLS)http://pul/subject/12922 850 $aPUL 852 $aPUL$W1$xSL Religione 1$y3$m39 D 77$j27021$nBK-PRI$b $qStampati$B27021$CPULBib$Z2$F27021 $H $81 941 1 $a8 961 $aINV: 50222 996 $6245$aEros adolescent :$bla pédérastie dans la Grèce antique$9(OLS)http://pul/title/27181 996 $6260$aParis :$bBelles Lettres$9(OLS)http://pul/publisher/48155 LEADER 01369nam a2200301 u 4500 001 000000074452 003 CaOOAMICUS 005 20070226122449.0 008 021206s2000 ne u000 u fre u 020 $a0792363132 035 $a10947717 040 $aPUL$bita 100 1 $aPredelle, Dominique.$0(OLS)http://pul/name/49374 245 12$aL'archéologie du monde :$bconstitution de l'espace, idéalisme et intuitionalisme chez Husserl /$cDominique Pradelle .. 260 $aDordrecht :$bKluver Academic Publishers,$cc2000. 300 $axv, 334 p. ;$c24 cm 490 1 $aPhaenomenologica ;$v157 500 $aContiene indice. 504 $a"Bibliographie": p. [324]-334. 600 14$aHusserl, Edmund,$d1859-1938$xCritica e interpretazione.$0(OLS)http://pul/subject/19387 830 0$aPhaenomenologica ;$v157.$0(OLS)http://pul/title/17674 850 $aPUL 852 $aPUL$W1$xSL Filosofia 2$y80$mPhil A5 157$j96039$nBK-PRI$b $qStampati altre collocazioni$B96039$CPULBib$Z2$F96039 $H $81 941 1 $a10 961 $aINV: 88670 996 $6020$a0792363132$9(OLS)http://pul/number/96577 996 $6245$aL'archéologie du monde :$bconstitution de l'espace, idéalisme et intuitionalisme chez Husserl$9(OLS)http://pul/title/97749 996 $6260$aDordrecht :$bKluver Academic Publishers$9(OLS)http://pul/publisher/74495